000 01214 a2200169 4500
003 NUST
005 20230126154704.0
040 _cNust
082 _a909.58,NAL
100 _aNalder,R.F.H
_9107812
245 _aThe History of British Army Signals in the Second World War /
_cMajor Gen: R.F.H Nalder
260 _aLondon
_bRoyal Signals
_c1953
300 _a376:p.
505 _aThe Years Between the World Wars (Page-1), Outline of the Main Developments in the Early Campaigns (Page-28), Putline of the Main Developments in the Later Campaigns in the West (Page-56), Outline of Developments in South-East Asia, 1943-45 (Page-90), Anglo-American Co-Operation (Page-105), Derection and Control (Page-118), Organization and Manpower (Page-134), Women's Services in Signals (Page-1510, Signal Systems and Traffic (Page-159), Wireless (Page-192), Line Communications (Page-2160, Signal Dispatch and Pigeons (Page-246), Signal Security (Page-252), Air Defence Communications (Page-268), Co- Operation With the Royal Navy and Royal Air Force (Page-281), Signal Equipment (Page-305), Signal Traning (Page-327), General Survey (Page-339).
650 _aThe History of British Army
_9107813
942 _2ddc
_cBK
_k909.58,NAL
999 _c186221
_d186221